Statistics for NBA 2022-23 Rotations

Click here to take the quiz!

General Stats

  • This quiz has been taken 467 times
  • The average score is 185 of 300

Answer Stats

TeamPosPlayer Name#% Correct
HawksPGTrae Young11
97%
SGDejounte Murray5
96%
NuggetsPGJamal Murray27
96%
PFThaddeus Young21
96%
PFKeegan Murray13
93%
CClint Capela15
92%
SFJayson Tatum0
91%
SGBruce Brown11
90%
SGJaylen Brown7
90%
PFPatrick Williams44
90%
SGSeth Curry30
90%
WarriorsPGStephen Curry30
90%
PFGrant Williams12
89%
CRobert Williams44
89%
PFAl Horford42
88%
SGDanny Green14
88%
PFDraymond Green23
88%
RocketsPGJalen Green4
88%
PFJeff Green32
88%
PFJohn Collins20
88%
SGKlay Thompson11
87%
NetsPGKyrie Irving11
87%
HornetsPGLaMelo Ball1
87%
MavericksPGLuka Doncic77
87%
CJarrett Allen31
86%
BullsPGLonzo Ball2
86%
CelticsPGMarcus Smart36
86%
CNikola Jokic15
86%
SFAndrew Wiggins22
85%
SFDeMar Derozan11
85%
SGDonovan Mitchell45
85%
SGGrayson Allen7
85%
CJalen Duren0
85%
SGJalen Williams8
85%
SFJimmy Butler22
85%
SFKenrich Williams34
85%
SFKevin Durant7
85%
CMark Williams5
85%
SFZiaire Williams8
85%
PFAnthony Davis3
84%
PFGiannis Antetokounmpo34
84%
BucksPGJrue Holiday23
84%
SFLebron James6
84%
SGZach Lavine8
84%
CBam Adebayo13
83%
CavaliersPGDarius Garland10
83%
PGDavion Mitchell15
83%
76ersPGJames Harden1
83%
SFJustin Holiday9
83%
SFKawhi Leonard2
83%
HeatPGKyle Lowry7
83%
SGPaul George13
83%
LakersPGRussell Westbrook0
83%
CZack Collins23
83%
PFZion Williamson1
83%
CBrook Lopez11
82%
SGCoby White0
82%
SGDerrick White9
82%
PFDorian Finney-Smith10
82%
SGGary Harris14
82%
SGJoe Harris12
82%
CRudy Gobert27
82%
SFTobias Harris12
82%
SGAnthony Edwards1
81%
SGBogdan Bogdanovic13
81%
PFBojan Bogdanovic44
81%
PFEvan Mobley4
81%
GrizzliesPGJa Morant12
81%
PFJaren Jackson13
81%
PFKarl-Anthony Towns32
81%
ClippersPGReggie Jackson1
81%
SGAnfernee Simons1
80%
PFBen Simmons10
80%
SunsPGChris Paul3
80%
SGDevin Booker1
80%
SGEric Gordon10
80%
CJoel Embiid21
80%
SGJohnny Davis1
80%
SGJordan Poole3
80%
CKevon Looney5
80%
SFMikal Bridges25
80%
ThunderPGShai Gilgeous-Alexander2
80%
SGTerence Davis3
80%
SGTyler Herro14
80%
PFAaron Gordon50
79%
Trail BlazersPGDamian Lillard0
79%
SFKeldon Johnson3
79%
CNikola Vucevic9
79%
PistonsPGCade Cunningham2
78%
SFDeAndre Hunter12
78%
PFDuncan Robinson55
78%
CIsaiah Jackson22
78%
SGKevin Porter3
78%
SFKhris Middleton22
78%
SFMichael Porter1
78%
CMitchell Robinson23
78%
PacersPGTyrese Haliburton0
78%
SFBrandon Ingram14
77%
PFCam Johnson23
77%
TimberwolvesPGD’Angelo Russell0
77%
CDeAndre Ayton22
77%
SFOtto Porter32
77%
PelicansPGC.J. McCollum3
76%
KnicksPGJalen Brunson11
76%
PFJulius Randle30
76%
SGKeon Johnson6
76%
PGMalcolm Brogdon13
76%
CSteven Adams4
76%
SGTyrese Maxey0
76%
PFJabari Smith1
75%
PFKevin Love0
75%
SGBradley Beal3
74%
KingsPGDeAaron Fox5
74%
SGDesmond Bane22
74%
RaptorsPGFred VanVleet23
74%
CIvica Zubac40
74%
PFJalen Smith25
74%
CNic Claxton33
74%
CDomantas Sabonis10
73%
CPascal Siakam43
73%
SFR.J. Barrett9
73%
SGTerry Rozier3
73%
SGJosh Giddey3
72%
SGBuddy Hield24
71%
SFGordon Hayward20
71%
SFHarrison Barnes40
71%
CMyles Turner33
71%
CChristian Wood35
70%
SFDillon Brooks24
70%
CJonas Valanciunas17
70%
CKristaps Porzingis6
70%
PFP.J. Tucker17
70%
PFScottie Barnes4
70%
PGSpencer Dinwiddie26
70%
CJusuf Nurkic27
68%
CMason Plumlee24
68%
SFTalen Horton-Tucker0
68%
CDwight Powell7
67%
SGHerbert Jones5
67%
SFNorman Powell24
67%
PFPaolo Banchero5
67%
SFSaddiq Bey41
67%
SpursPGTre Jones33
67%
PGTyus Jones21
67%
SGJaden Ivey23
66%
PFJerami Grant9
66%
PFKai Jones23
66%
PFLauri Markkanen23
66%
PFMarcus Morris8
66%
WizardsPGMonte Morris22
66%
SGTim Hardaway11
66%
CBobby Portis9
65%
CJames Wiseman33
65%
SGKentavious Caldwell-Pope5
65%
SGKevin Huerter9
65%
SGAlex Caruso6
63%
PFBrandon Clarke15
63%
SGCaris Levert3
63%
SFFranz Wagner22
63%
SFIsaac Okoro35
63%
PFKyle Kuzma33
63%
JazzPGMike Conley11
63%
SGCole Anthony50
62%
PFJae Crowder99
62%
PFJonathan Kuminga00
62%
SGMax Strus31
62%
SFOG Anunoby3
62%
PGPayton Pritchard11
62%
PGJohn Wall11
61%
SGPatrick Beverley21
61%
CWendell Carter34
61%
CAlperen Sengun28
60%
CAndre Drummond3
60%
CIsaiah Stewart28
60%
PGKillian Hayes7
60%
PFP.J. Washington25
60%
CJaxson Hayes10
59%
SFA.J. Griffin14
58%
SGAustin Reaves15
58%
SGCollin Sexton2
58%
SFLuguentz Dort5
58%
PGTyty Washington0
58%
PFCaleb Martin16
57%
SGCody Martin11
57%
PGDerrick Rose4
57%
CJakob Poeltl25
57%
SGJordan Clarkson00
57%
SGLonnie Walker4
57%
CJavale McGee00
56%
SFJosh Hart11
56%
PGMarkelle Fultz20
56%
SGCam Thomas24
55%
MagicPGJalen Suggs4
55%
CDeAndre Jordan6
54%
SGGary Trent33
54%
CThomas Bryant31
54%
SGEvan Fournier13
53%
SFJuan Toscano-Anderson95
53%
PFMaxi Kleber42
53%
SFCedi Osman16
52%
PFJaden McDaniels3
52%
CMo Bamba11
52%
PFNicolas Batum33
52%
COnyeka Okongwu17
52%
PGPatty Mills8
52%
PGCameron Payne15
51%
PGDennis Schroder17
51%
SFReggie Bullock25
51%
PGRicky Rubio13
51%
SFKyle Anderson5
50%
SGBenedict Mathurin00
49%
SGDonte Divincenzo0
49%
PGGabe Vincent2
49%
SGImmanuel Quickley5
49%
PGJose Alvarado15
49%
SGVictor Oladipo4
49%
SGDevin Vassell24
48%
PFJarred Vanderbilt8
48%
SFKelly Oubre12
48%
SGMalik Monk0
48%
PFObi Toppin1
48%
SFPat Connaughton24
48%
PGAyo Dosunmu12
46%
SGMoses Moody4
46%
PFRoyce Oneale00
46%
PGBones Hyland3
45%
PGDeAnthony Melton8
45%
SGGary Payton00
43%
PGGoran Dragic7
43%
CNaz Reid11
43%
PFMarvin Bagley35
42%
SFMatisse Thybulle22
42%
SGQuentin Grimes6
42%
PFRui Hachimura8
41%
PGT.J. McConnell9
41%
PGTre Mann23
41%
SGWill Barton5
41%
PGDevonte Graham4
40%
PFJeremy Sochan10
40%
CKelly Olynyk41
40%
SGLuke Kennard5
40%
SGMalik Beasley5
40%
SFT.J. Warren1
40%
SFDeni Avdija9
39%
CDewayne Dedmon21
39%
PGGeorge Hill3
39%
CMontrezl Harrell5
39%
PFRobert Covington23
39%
SGWesley Matthews23
39%
SFChris Duarte3
38%
SGShaedon Sharpe17
38%
SFCam Reddish0
37%
SFDanilo Gallinari8
37%
PFJonathan Isaac1
37%
SFJae’Sean Tate8
36%
SFJoe Ingles00
36%
CXavier Tillman2
36%
PFChris Boucher25
35%
CDaniel Gafford21
35%
PFGeorges Niang20
35%
SFTerrence Ross31
34%
CPrecious Achiuwa5
33%
CRichaun Holmes22
33%
PGKendrick Nunn12
32%
PFLarry Nance22
32%
CBismack Biyombo18
31%
PFDarius Bazley55
31%
PFDavis Bertans44
31%
PFDoug McDermott17
30%
SGLandry Shamet14
30%
SFRudy Gay22
29%
SGJames Bouknight2
28%
CJeremiah Robinson-Earl50
28%
PFTaurean Prince12
28%
SGJosh Richardson7
26%
PGDelon Wright55
25%
CMike Muscala33
25%
SFTorrey Craig0
25%
SFAaron Nesmith23
24%
SGAustin Rivers25
24%
SGChristian Braun0
24%
PFTrey Lyles41
24%
SGJosh Christopher9
23%
SFLamar Stevens8
23%
PFTari Eason17
23%
SGAlec Burks5
22%
SFDanuel House25
21%
CKhem Birch24
21%
SFNassir Little10
21%
PGDyson Daniels11
20%
SGJoshua Primo11
19%
CNerlens Noel9
19%
CFrank Kaminsky8
17%
SFOshae Brissett12
17%
SFOusmane Dieng13
17%
SGOchai Agbaji30
15%
SFGarrison Mathews25
14%
PFJustice Winslow26
14%
PFKeita Bates-Diop31
12%
SGBryn Forbes10
11%

Score Distribution

Percentile by Number Answered

Percent of People with Each Score

Your Score History

You have not taken this quiz